Nalaganje...
Expert systems and fuzzy systems
| Glavni avtor: | |
|---|---|
| Format: | Printed Book |
| Jezik: | English |
| Izdano: |
California
The Benjamin/Cummins
1985
|
| Teme: |
Expert systems
> fuzzy systems
> Advances in Computers
> Computers
> Computer science
> Computer systems
> calculators
> Computing devices
> Calculating devices
> Computer systems
> Computer operating systems
> Computer peripherals
> Computer software
> Computers
> Electronic data procressing
> fuzzy systems
|
| LEADER | 00803nam a2200169 a 4500 | ||
|---|---|---|---|
| 005 | 20151026130438.0 | ||
| 008 | 960221s1955 dcuabcdjdbkoqu001 0deng d | ||
| 003 | ViArRB | ||
| 100 | |a Negotia, Constantin Virgil | ||
| 245 | |a Expert systems and fuzzy systems | ||
| 260 | |a California |b The Benjamin/Cummins |c 1985 | ||
| 300 | |a xiii, 190 p. | ||
| 500 | |a | ||
| 653 | |a Expert systems |a fuzzy systems |a Advances in Computers |a Computers |a Computer science |a Computer systems |a calculators |a Computing devices |a Calculating devices |a Computer systems |a Computer operating systems |a Computer peripherals |a Computer software |a Computers |a Electronic data procressing |a fuzzy systems | ||
| 942 | |c BK |6 _ | ||
| 999 | |c 5514 |d 5514 | ||
| 952 | |0 0 |1 0 |2 udc |4 0 |6 004891_NEG |7 0 |9 16903 |a UL |b UL |d 2010-06-16 |o 004.891 NEG |p 00033897 |r 2010-06-16 |w 2010-06-16 |y BK | ||